• 首页
  • 本馆介绍
  • 公告通知
  • 最新文献
  • 馆藏检索
  • 电子资源
  • 读者导购
  • 参考咨询
  • 我的图书馆
  • 登录
  • 详细信息显示
  • 放入我的书架
  • 预约/预借图书
  • 作者相关作品
  • 分类相关作品
  • 丛书相关作品
  • 出版社相关作品

书目信息

  • 表格格式
  • 工作单格式
  • 卡片格式
书名: The great tradition in English literature
作者:
分册号:
分册名:
出版地: Beijing :
 
出版社: Foreign Language Teaching and Research Pr
出版时间: 1980.
页数: 2 v. ;
开本: 18 cm.
丛书名:
中图分类号:
科图分类号:
其他分类号: H319.4
主题词:
电子资源:
000 00801nam 2200217 a 4500
001 E0759080765
005 20070227162615.90
008 uu
020    @cCNY6.10.
040    @aCcBjTSG
049    @aN5LA
090    @a2-90/I561.064/R89/ 1980///////////////1100402-03/ v.1/ 2cop./1100404-05/ v.2/ 2cop.
090    @aH319.4
096    @aI561.064 @v2
099    @dH319.4@ex281:2
100 1  @aRubinstein, Annette T. @q(Annette Teta), @d1910-
245 14 @aThe great tradition in English literature.@n2 :@bfrom Shakespeare to Shaw
260    @aBeijing :@bForeign Language Teaching and Research Pr.,@c1980.
300    @a2 v. ;@c18 cm.
500    @aRep. 1988. @b00 @c20020930 @lNLC09 @h2244 @lNLC09 @h2233 @lNLC09 @h1824 @b40 @c20051121 @lNLC09 @h0931
852 9  @bWWJC @cJ08N @k2-90 @hI561.064 @iR89/1980
    
    The great tradition in English literature.. 2 : : from Shakespeare to Shaw.-Beijing : : Foreign Language Teaching and Research Pr., , 1980.
    2 v. ; ; 18 cm.
    Rep. 1988.
    
    ISBN CNY6.10.
    
●
相关链接 在E读中查询图书 在五车中查询图书 在当当中查询图书 在豆瓣中查询图书


正题名:great tradition in English literature     索取号:H319.4/x281:2         预约/预借

序号 登录号 条形码 馆藏地/架位号 状态 备注
1 47636   001684181   第四借阅区/ [索取号:H319.4/x281:2] 在馆    
唐山师范学院图书馆 欢迎您!
大连网信软件有限公司© 版权所有